| 000 | 00000nas 2200000za 4500 |
| 001 | 9.512457 |
| 003 | CaOODSP |
| 005 | 20231204153404 |
| 007 | ta |
| 008 | 150406c20149999oncar p #||||f| |0fre|d |
| 040 | |aCaOODSP|bfre |
| 041 | |afre|aeng |
| 043 | |an-cn--- |
| 086 | 1 |aNM20-2 |
| 110 | 2 |aMusée canadien de l'histoire. |
| 245 | 10|aRapport annuel ... |
| 246 | 13|aRapport annuel ... (Musée canadien de la guerre) |
| 246 | 15|aAnnual report ... (Canadian Museum of History) |
| 260 | |aGatineau, QC : |bMusée canadien de l'histoire, |c2014- |
| 310 | |aAnnuel |
| 362 | 0 |a2013/2014- |
| 520 | 3 |aDécrit en détail les activités au cours de l’exercice financier. Comprend des états financiers. |
| 546 | |aTexte en français et en anglais. |
| 710 | 2 |aMusée canadien de la guerre. |
| 776 | 0#|tAnnual report … |w(CaOODSP)9.507951 |
| 791 | |tAnnual report ...|eeng|w(CaOODSP)9.512456 |